KOHA-Header-6

Aazadi Ka Taweel Safar : Khudnost Sawanahe Hayaat (Record no. 8951)

000 -LEADER
fixed length control field 00281nam a2200109Ia 4500
100 ## - MAIN ENTRY--AUTHOR NAME
Personal name Nelson Mandela
245 #0 - TITLE STATEMENT
Title Aazadi Ka Taweel Safar : Khudnost Sawanahe Hayaat
260 ## - PUBLICATION, DISTRIBUTION, ETC. (IMPRINT)
Place of publication Islamabad
Name of publisher Leaf
Year of publication 2004
300 ## - PHYSICAL DESCRIPTION
Number of Pages 219
942 ## - ADDED ENTRY ELEMENTS (KOHA)
Koha item type Books
Holdings
Withdrawn status Lost status Collection code Permanent Location Current Location Shelving location Date acquired Full call number Accession Number Koha item type
    Urdu Literature MAJU MAJU   2019-09-14 891.42 4168 Urdu Literature

Powered by Koha